| 000 | 00967nam a22002177a 4500 | ||
|---|---|---|---|
| 999 |
_c64021 _d64021 |
||
| 005 | 20260311104919.0 | ||
| 008 | 260310s1997 enk||||| |||| 00| 0 eng d | ||
| 020 | _a9780824818500x | ||
| 041 | _aeng | ||
| 080 | _a008(520) M-39 | ||
| 100 |
_aNishiyama, Matsunosuke _927103 |
||
| 245 |
_aEdo culture : _bdaily life a. diversions in urban Japan, 1600-1868 / _c Nishiyama Matsunosuke; translated by Gerald Groemer. |
||
| 264 |
_aHonolulu : _bUniv. of Hawai'i press, _c1997 |
||
| 300 |
_a 309 p. : _b ill. ; _c23 cm. |
||
| 521 | _aBibliogr.: p. 281-296 | ||
| 653 | _aიაპონიის ქალაქების ისტორია -- 17-19 სს. | ||
| 653 | _aიაპონური ცივილიზაცია -- 17-19 სს. | ||
| 653 | _aიაპონიის ქალაქური კულტურა -- ისტორია. | ||
| 700 |
_aGroemer, Gerald _eმთარგმნელი _927104 |
||
| 942 |
_2udc _cᲬᲘᲒᲜᲘ |
||